000 00563nam a2200193Ia 4500
005 20250507130226.0
008 008 250505s9999 xx 000 0 eng d
037 _aSeries Article
040 _aEASL
_beng
_cEASL
041 _aeng
_2eng
084 _qEASL
100 _aThompson Roger R
_9653164
245 0 _aShanxi's coal is lost then national movement in provincial China,1898-1908
260 _aUK
_bCambridge Cambridge University Press UK
_c2011
300 _a1261-1288
650 _aChina
942 _cSRA
999 _c1318417
_d1318417